LEADER 01236nam a2200265 i 4500 001 000000206555 003 CaOOAMICUS 005 20230525095323.0 008 111007s2011 it u000 u ita u 020 $a978-88-6030-377-6 040 $aSeMil$bita 100 1 $aCarr, Nicholas G.$0(OLS)http://semarc/name/74255 240 14$aThe shallows :$bwhat the Internet is doing to our brains.$0(OLS)http://semarc/title/298757 245 10$aInternet ci rende stupidi? :$bcome la rete sta cambiando il nostro cervello /$cNicholas Carr. 264 1$aMilano :$bRaffaello Cortina,$c2011. 300 $a317 p. ;$c23 cm. 490 1 $aScienza e idee ;$v212 650 4$aMente - Effetti [di] Internet.$0(OLS)http://semarc/subject/53807 650 4$aInternet - Effetti psicologici.$0(OLS)http://semarc/subject/38795 850 $aSeMil 852 $aSeMil$W1$xVenegono$y1$m2NA F 212$j240826$B157026$CSeMilBibl$Z2$F169064 $81 996 $6020$a978-88-6030-377-6$9(OLS)http://semarc/number/200582 996 $6245$aInternet ci rende stupidi? :$bcome la rete sta cambiando il nostro cervello$9(OLS)http://semarc/title/298756 996 $6264$aMilano :$bRaffaello Cortina$9(OLS)http://semarc/publisher/31196 LEADER 01193nam a2200289 i 4500 001 000000114708 003 CaOOAMICUS 005 20030424000000.0 008 030424s1997 it u000 u ita u 013 $a87395 020 $a88-384-2719-4 040 $aSeMil$bita 100 1 $aRunciman, Steven,$d<1903-2000>.$0(OLS)http://semarc/name/11345 240 14$aThe Fall of Costantinople.$0(OLS)http://semarc/title/167733 245 14$aGli ultimi giorni di Costantinopoli /$cSteven Runciman. 250 $a2. ed. 260 $aCasale Monferrato (AL) :$bPiemme,$c1997. 300 $a279 p., [1] c. geogr. ;$c22 cm. 500 $aContiene : [2] Appendici ; Bibliografia. - Fondo Card. C.M. Martini. 650 4$aAssedio di Costantinopoli <1453>.$0(OLS)http://semarc/subject/45028 850 $aSeMil 852 $aSeMil$W1$xVenegono$y1$m3T II 13$j70254$B70254$CSeMilBibl$Z2$F83831 $81 941 1 $a4 961 $aOmaggio: Martini Card. Carlo Maria 996 $6020$a88-384-2719-4$9(OLS)http://semarc/number/98126 996 $6245$aGli ultimi giorni di Costantinopoli$9(OLS)http://semarc/title/167732 996 $6260$aCasale Monferrato (AL) :$bPiemme$9(OLS)http://semarc/publisher/30052